000
00226nam a2200097Ia 4500
001
881748
005
20250826182646.0
008
250824s9999 xx 000 0 und d
245
0
_a
ARAF
_c
CANDAN ÖZER
260
_b
PANAMA YAYINLARI
999
_c
881748
_d
881748